UBT Library

GLOBAL ISSUES (Record no. 59232)

000 -LEADER
fixed length control field 00326nam a22001457a 4500
008 - FIXED-LENGTH DATA ELEMENTS--GENERAL INFORMATION
fixed length control field 230113b ||||| |||| 00| 0 eng d
020 ## - INTERNATIONAL STANDARD BOOK NUMBER
International Standard Book Number 9781452241531
041 ## - LANGUAGE CODE
Language code of text/sound track or separate title eng
080 ## - UNIVERSAL DECIMAL CLASSIFICATION NUMBER
Edition identifier 2013 EDITION
Universal Decimal Classification number 339.9
082 ## - DEWEY DECIMAL CLASSIFICATION NUMBER
Classification number 339.9
100 ## - Rafti
Rafti 24.1
101 ## - Shkurtesa
Shkurtesa GLOBA
245 ## - TITLE STATEMENT
Title GLOBAL ISSUES
Statement of responsibility, etc PALERMIN S
942 ## - ADDED ENTRY ELEMENTS (KOHA)
Source of classification or shelving scheme
Item type Books
Holdings
Withdrawn status Lost status Source of classification or shelving scheme Damaged status Not for loan Collection code Permanent location Current location Date acquired Total Checkouts Full call number Barcode Date last seen Price effective from Koha item type
          Koleksioni i përgjithshem UBT - Lipjan UBT - Lipjan 05/17/2023   339.9KII 002-800080306 05/17/2023 05/17/2023 Books
          Koleksioni i përgjithshem UBT - Lipjan UBT - Lipjan 05/17/2023   339.9KII 002-800080307 05/17/2023 05/17/2023 Books
          Koleksioni i përgjithshem UBT - Lipjan UBT - Lipjan 05/17/2023   339.9KII 002-800080308 05/17/2023 05/17/2023 Books
UBT Library © 2015-2024. All rights reserved University Education for Business and Technology